000 00526nam a2200193Ia 4500
005 20250508152348.0
008 008 250505s9999 xx 000 0 eng d
037 _aTextual
040 _aFEDL
_beng
_cFEDL
041 _aeng
_2eng
084 _a330.16, MAJ
_qFEDL
100 _aMajumder Tapas
_9761290
245 0 _aMeasurement of utility
260 _aLondon, UK
_bMacmillan and Co. Ltd.
_c1958
300 _axiv,149p.
650 _aEconomics
942 _cTEXL
_h330.16, MAJ
999 _c1335918
_d1335918